000 00752cam a22002533a 4500
001 600
003 PGUSA
005 20140828082950.0
008 960701s1996||||xxu|||||s|||||000 1 eng d
040 _aPGUSA
_beng
042 _adc
050 4 _aPG
100 1 _aDostoyevsky, Fyodor,
_d1821-1881
245 1 0 _aNotes from the Underground
_h[electronic resource] /
_cFyodor Dostoyevsky
260 _bProject Gutenberg,
_c1996
506 _aPublic domain in the USA.
516 _aElectronic text
653 _aPolitical fiction
653 _aRussia -- Officials and employees -- Fiction
653 _aRussia -- History -- 1801-1917 -- Fiction
830 0 _aProject Gutenberg
_v600
856 4 0 _uhttp://www.gutenberg.org/ebooks/600
942 _cEB
999 _c229951
_d229951